00353nam a22001217a 4500020001800000040000900018082001800027100002400045110003600069245004200105260004200147650004200189 a9788177581584 cNust a621.3815bBOY aRobert L. Boylestad aLouis Nashelsky, K. LaL Kishore aElectronic Devices and Circuit Theory aNew Delhi:bDorling Kindersly,c2006. aElectronic Devices and Circuit Theory